География: рабочая тетрадь; учебное пособие
| Hovedforfatter: | |
|---|---|
| Institution som forfatter: | |
| Andre forfattere: | |
| Summary: | Заглавие с титульного экрана Электронная версия печатной публикации Рабочая тетрадь предназначена для иностранных студентов, обучающихся по программе подготовительного отделения университетов. Структура тетради соответствует учебному пособию Тябаева А. С., Седельниковой С. В. "География". При работе с рабечей тетрадью "География" необходимо использовать карты атласа России и пособие. Режим доступа: из корпоративной сети ТПУ |
| Sprog: | russisk |
| Udgivet: |
Томск, Изд-во ТПУ, 2015
|
| Fag: | |
| Online adgang: | http://www.lib.tpu.ru/fulltext2/m/2015/m211.pdf |
| Format: | Electronisk Bog |
| KOHA link: | https://koha.lib.tpu.ru/cgi-bin/koha/opac-detail.pl?biblionumber=297171 |
MARC
| LEADER | 00000nlm0a2200000 4500 | ||
|---|---|---|---|
| 001 | 297171 | ||
| 005 | 20231102001000.0 | ||
| 035 | |a (RuTPU)RU\TPU\book\322291 | ||
| 035 | |a RU\TPU\book\322286 | ||
| 090 | |a 297171 | ||
| 100 | |a 20150605d2015 m y0rusy50 ca | ||
| 101 | 0 | |a rus | |
| 102 | |a RU | ||
| 105 | |a a j 001zy | ||
| 135 | |a drcn ---uucaa | ||
| 181 | 0 | |a i | |
| 182 | 0 | |a b | |
| 200 | 1 | |a География |b Электронный ресурс |e рабочая тетрадь |e учебное пособие |f А. Е. Тябаев, С. Ф. Седельникова |g Национальный исследовательский Томский политехнический университет (ТПУ) | |
| 203 | |a Текст |c электронный | ||
| 210 | |a Томск |c Изд-во ТПУ |d 2015 | ||
| 230 | |a 1 компьютерный файл (pdf; 7.8 MB) | ||
| 300 | |a Заглавие с титульного экрана | ||
| 300 | |a Электронная версия печатной публикации | ||
| 330 | |a Рабочая тетрадь предназначена для иностранных студентов, обучающихся по программе подготовительного отделения университетов. Структура тетради соответствует учебному пособию Тябаева А. С., Седельниковой С. В. "География". При работе с рабечей тетрадью "География" необходимо использовать карты атласа России и пособие. | ||
| 333 | |a Режим доступа: из корпоративной сети ТПУ | ||
| 337 | |a Adobe Reader | ||
| 606 | 1 | |a География |2 stltpush |3 (RuTPU)RU\TPU\subj\5918 |9 33902 | |
| 610 | 1 | |a электронный ресурс | |
| 610 | 1 | |a учебные пособия | |
| 610 | 1 | |a труды учёных ТПУ | |
| 610 | 1 | |a география | |
| 610 | 1 | |a рабочие тетради | |
| 610 | 1 | |a иностранные студенты | |
| 610 | 1 | |a Россия | |
| 610 | 1 | |a природа | |
| 610 | 1 | |a население | |
| 610 | 1 | |a экономическая география | |
| 675 | |a 91(075.8) |v 3 | ||
| 700 | 1 | |a Тябаев |b А. Е. |c географ |c доцент Томского политехнического университета, кандидат географических наук |f 1977- |g Андрей Евгеньевич |2 stltpush |3 (RuTPU)RU\TPU\pers\29686 | |
| 701 | 1 | |a Седельникова |b С. Ф. |c химик |c ассистент Томского политехнического университета |f 1959- |g Светлана Федоровна |2 stltpush |3 (RuTPU)RU\TPU\pers\32175 | |
| 712 | 0 | 2 | |a Национальный исследовательский Томский политехнический университет (ТПУ) |b Институт международного образования и языковой коммуникации (ИМОЯК) |b Кафедра междисциплинарная (МД) |h 3526 |2 stltpush |3 (RuTPU)RU\TPU\col\19012 |
| 801 | 1 | |a RU |b 63413507 |c 20140731 | |
| 801 | 2 | |a RU |b 63413507 |c 20160615 |g RCR | |
| 856 | 4 | |u http://www.lib.tpu.ru/fulltext2/m/2015/m211.pdf | |
| 942 | |c CF | ||